Importers of Indian products: Iraq. (Record no. 80455)

MARC details
000 -LEADER
fixed length control field 00894cam a22002651 4500
001 - CONTROL NUMBER
control field sa 68004956
003 - CONTROL NUMBER IDENTIFIER
control field DLC
005 - DATE AND TIME OF LATEST TRANSACTION
control field 20260227112505.0
008 - FIXED-LENGTH DATA ELEMENTS--GENERAL INFORMATION
fixed length control field 720306s1966 ii r 00010 eng
010 ## - LIBRARY OF CONGRESS CONTROL NUMBER
LC control number sa 68004956 //r88
025 ## - OVERSEAS ACQUISITION NUMBER
Overseas acquisition number PL480:I-E-8694
043 ## - GEOGRAPHIC AREA CODE
Geographic area code a-ii---
-- a-iq---
050 0# - LIBRARY OF CONGRESS CALL NUMBER
Classification number HF3861.I7
Item number I53
082 ## - DEWEY DECIMAL CLASSIFICATION NUMBER
Classification number 382/.5/025567
110 10 - MAIN ENTRY--CORPORATE NAME
Corporate name or jurisdiction name as entry element India.
Subordinate unit Directorate of Commercial Publicity.
245 10 - TITLE STATEMENT
Title Importers of Indian products: Iraq.
260 0# - PUBLICATION, DISTRIBUTION, ETC.
Place of publication, distribution, etc. New Delhi,
Name of publisher, distributor, etc. Directorate of Commercial Publicity, Ministry of Commerce, Govt. of India
Date of publication, distribution, etc. [1966]
300 ## - PHYSICAL DESCRIPTION
Extent ii, 43 p.
Dimensions 24 cm.
350 ## - PRICE (NR) (BK AM CF MU VM SE) [OBSOLETE]
Price Rs2.10
-- $0.76
500 ## - GENERAL NOTE
General note Cover title: Directory of importers of Indian products in Iraq.
651 #0 - SUBJECT ADDED ENTRY--GEOGRAPHIC NAME
Geographic name Iraq
General subdivision Commerce
-- Directories.
651 #0 - SUBJECT ADDED ENTRY--GEOGRAPHIC NAME
Geographic name Iraq
General subdivision Commerce
Geographic subdivision India.
651 #0 - SUBJECT ADDED ENTRY--GEOGRAPHIC NAME
Geographic name India
General subdivision Commerce
Geographic subdivision Iraq.
740 #1 - ADDED ENTRY--UNCONTROLLED RELATED/ANALYTICAL TITLE
Uncontrolled related/analytical title Directory of importers of Indian products in Iraq.

No items available.

Powered by Koha